[Event "Extraliga 2018/2019"]
[Site "Praha"]
[Date "2019.01.12"]
[Round "5.1"]
[White "UNB1 Konopka Michal IM 2367"]
[Black "PAR1 Matlakov Maxim GM 2683"]
[Result "1/2-1/2"]
[BlackElo "2683"]
[WhiteElo "2367"]
[LiveChessVersion "1.4.8"]

1. Nf3 {[%clk 1:30:56]} d5 {[%clk 1:30:42]} 2. d4 {[%clk 1:27:51]} Nf6
{[%clk 1:30:57]} 3. c4 {[%clk 1:28:04]} e6 {[%clk 1:31:22]} 4. g3
{[%clk 1:28:24]} Bb4+ {[%clk 1:31:46]} 5. Bd2 {[%clk 1:28:25]} Be7
{[%clk 1:31:54]} 6. Bg2 {[%clk 1:28:22]} O-O {[%clk 1:32:18]} 7. O-O
{[%clk 1:28:27]} Nbd7 {[%clk 1:32:04]} 8. Qc2 {[%clk 1:28:13]} c6
{[%clk 1:32:26]} 9. Rd1 {[%clk 1:24:16]} a5 {[%clk 1:29:43]} 10. Bc1
{[%clk 1:09:49]} b5 {[%clk 1:25:03]} 11. b3 {[%clk 1:03:11]} Ba6 {[%clk 1:22:28]}
12. c5 {[%clk 0:56:55]} b4 {[%clk 1:19:26]} 13. a3 {[%clk 0:54:44]} Bb5
{[%clk 1:11:13]} 14. Re1 {[%clk 0:47:25]} Ne4 {[%clk 1:01:30]} 15. Bd2
{[%clk 0:32:58]} Nxd2 {[%clk 0:52:42]} 16. Nbxd2 {[%clk 0:31:25]} g5
{[%clk 0:38:55]} 17. h3 {[%clk 0:28:39]} f5 {[%clk 0:38:48]} 18. e3
{[%clk 0:28:32]} Bf6 {[%clk 0:35:52]} 19. Ra2 {[%clk 0:23:50]} Qe7
{[%clk 0:34:00]} 20. axb4 {[%clk 0:19:22]} axb4 {[%clk 0:32:16]} 21. Rea1
{[%clk 0:19:45]} Rxa2 {[%clk 0:29:30]} 22. Rxa2 {[%clk 0:20:10]} g4
{[%clk 0:13:38]} 23. Nh2 {[%clk 0:10:32]} h5 {[%clk 0:09:11]} 24. Ra7
{[%clk 0:10:52]} Bg7 {[%clk 0:08:43]} 25. hxg4 {[%clk 0:09:25]} hxg4
{[%clk 0:08:05]} 26. Nc4 {[%clk 0:09:40]} Bxc4 {[%clk 0:02:15]} 27. bxc4
{[%clk 0:10:03]} Qe8 {[%clk 0:02:34]} 1/2-1/2

[Event "Extraliga 2018/2019"]
[Site "Praha"]
[Date "2019.01.12"]
[Round "5.2"]
[White "PAR3 Movsesian Sergei GM 2633"]
[Black "UNB2 Vavra Pavel IM 2350"]
[Result "1/2-1/2"]
[BlackElo "2350"]
[WhiteElo "2633"]
[LiveChessVersion "1.4.8"]

1. Nf3 {[%clk 1:30:22]} d5 {[%clk 1:29:23]} 2. g3 {[%clk 1:31:07]} e6
{[%clk 1:27:14]} 3. Bg2 {[%clk 1:30:52]} b5 {[%clk 1:27:33]} 4. O-O
{[%clk 1:29:50]} Nf6 {[%clk 1:26:49]} 5. d3 {[%clk 1:29:44]} Be7 {[%clk 1:25:57]}
6. c4 {[%clk 1:24:40]} c6 {[%clk 1:13:38]} 7. Nbd2 {[%clk 1:19:15]} O-O
{[%clk 1:09:26]} 8. b3 {[%clk 1:10:21]} a5 {[%clk 1:08:15]} 9. e4
{[%clk 1:03:18]} Ba6 {[%clk 0:47:37]} 10. Bb2 {[%clk 0:59:13]} a4
{[%clk 0:34:36]} 11. Rc1 {[%clk 0:52:39]} axb3 {[%clk 0:34:12]} 12. axb3
{[%clk 0:52:44]} dxc4 {[%clk 0:27:46]} 13. e5 {[%clk 0:41:13]} Nd5
{[%clk 0:26:44]} 14. dxc4 {[%clk 0:41:02]} Nb4 {[%clk 0:27:08]} 15. Ra1
{[%clk 0:39:16]} Bb7 {[%clk 0:22:22]} 16. Rxa8 {[%clk 0:34:42]} Bxa8
{[%clk 0:22:47]} 17. Nd4 {[%clk 0:33:42]} Nd7 {[%clk 0:21:12]} 18. Bc3
{[%clk 0:26:06]} bxc4 {[%clk 0:18:06]} 19. Nxc4 {[%clk 0:25:24]} Nd5
{[%clk 0:18:00]} 20. Ba1 {[%clk 0:22:02]} Qb8 {[%clk 0:14:10]} 21. h4
{[%clk 0:20:21]} c5 {[%clk 0:11:01]} 22. Nf5 {[%clk 0:18:17]} exf5
{[%clk 0:10:57]} 23. Bxd5 {[%clk 0:18:42]} Bxd5 {[%clk 0:11:19]} 24. Qxd5
{[%clk 0:19:09]} Nb6 {[%clk 0:11:27]} 25. Qf3 {[%clk 0:18:13]} Nxc4
{[%clk 0:10:29]} 26. bxc4 {[%clk 0:18:40]} Qb4 {[%clk 0:10:26]} 27. Rc1
{[%clk 0:17:52]} Qd2 {[%clk 0:09:54]} 28. Rd1 {[%clk 0:15:52]} Qc2
{[%clk 0:10:19]} 29. Bc3 {[%clk 0:13:05]} Rb8 {[%clk 0:06:06]} 30. Kg2
{[%clk 0:11:30]} Qe4 {[%clk 0:04:01]} 31. Qxe4 {[%clk 0:03:40]} fxe4
{[%clk 0:04:29]} 32. Re1 {[%clk 0:04:00]} Rb3 {[%clk 0:04:48]} 33. Re3
{[%clk 0:03:37]} h5 {[%clk 0:04:02]} 34. Kf1 {[%clk 0:02:30]} f5 {[%clk 0:03:49]}
35. exf6 {[%clk 0:02:11]} Bxf6 {[%clk 0:03:42]} 36. Bd2 {[%clk 0:01:49]} Rb2
{[%clk 0:02:50]} 37. Ke1 {[%clk 0:01:48]} Bd4 {[%clk 0:02:30]} 38. Rxe4
{[%clk 0:02:13]} Bxf2+ {[%clk 0:02:46]} 39. Kxf2 {[%clk 0:02:31]} Rxd2+
{[%clk 0:03:09]} 40. Ke3 {[%clk 0:02:30]} Rc2 {[%clk 0:01:31]} 41. Kd3
{[%clk 0:30:47]} Rg2 {[%clk 0:27:47]} 42. Re3 {[%clk 0:29:31]} Kf7
{[%clk 0:27:56]} 43. Ke4 {[%clk 0:29:55]} Rd2 {[%clk 0:28:06]} 44. Ke5
{[%clk 0:30:22]} Rd4 {[%clk 0:16:06]} 45. Rf3+ {[%clk 0:30:16]} Kg6
{[%clk 0:16:11]} 46. Rf4 {[%clk 0:28:14]} Rd3 {[%clk 0:16:14]} 47. g4
{[%clk 0:28:36]} hxg4 {[%clk 0:16:06]} 48. Rxg4+ {[%clk 0:29:03]} Kh6
{[%clk 0:15:46]} 1/2-1/2

[Event "Extraliga 2018/2019"]
[Site "Praha"]
[Date "2019.01.12"]
[Round "5.6"]
[White "PAR9 Votava Jan GM 2527"]
[Black "UNB7 Kuba Jindrich FM 2304"]
[Result "1/2-1/2"]
[BlackElo "2304"]
[WhiteElo "2527"]
[LiveChessVersion "1.4.8"]

1. d4 {[%clk 1:30:53]} Nf6 {[%clk 1:30:55]} 2. Nf3 {[%clk 1:31:08]} e6
{[%clk 1:31:18]} 3. Bf4 {[%clk 1:30:07]} c5 {[%clk 1:29:08]} 4. c3
{[%clk 1:29:30]} Nc6 {[%clk 1:27:03]} 5. e3 {[%clk 1:28:31]} d5 {[%clk 1:26:29]}
6. Nbd2 {[%clk 1:28:32]} cxd4 {[%clk 1:26:33]} 7. exd4 {[%clk 1:28:18]} Be7
{[%clk 1:25:13]} 8. Bd3 {[%clk 1:28:19]} O-O {[%clk 1:22:47]} 9. O-O
{[%clk 1:26:06]} b6 {[%clk 1:22:41]} 10. Ne5 {[%clk 1:24:29]} Bb7
{[%clk 1:22:32]} 11. Qf3 {[%clk 1:21:07]} Nxe5 {[%clk 1:17:00]} 12. Bxe5
{[%clk 1:20:15]} Nd7 {[%clk 1:16:48]} 13. Qh3 {[%clk 1:13:37]} g6
{[%clk 1:12:52]} 14. Bf4 {[%clk 1:09:53]} Bf6 {[%clk 1:10:59]} 15. Bh6
{[%clk 1:05:34]} Re8 {[%clk 1:11:19]} 16. f4 {[%clk 1:05:19]} a5 {[%clk 1:10:55]}
17. Nf3 {[%clk 0:51:25]} Ba6 {[%clk 1:01:42]} 18. Ne5 {[%clk 0:51:23]} Bxd3
{[%clk 1:01:06]} 19. Qxd3 {[%clk 0:51:37]} Bg7 {[%clk 0:59:24]} 20. Bxg7
{[%clk 0:42:16]} Kxg7 {[%clk 0:59:50]} 21. g4 {[%clk 0:39:32]} Nxe5
{[%clk 0:54:23]} 22. fxe5 {[%clk 0:39:02]} Qg5 {[%clk 0:54:41]} 23. Qg3
{[%clk 0:31:17]} h5 {[%clk 0:54:19]} 24. Rf4 {[%clk 0:30:53]} hxg4
{[%clk 0:50:56]} 25. Raf1 {[%clk 0:30:59]} Ra7 {[%clk 0:43:02]} 26. Rxg4
{[%clk 0:18:04]} Qd2 {[%clk 0:43:13]} 27. Qf3 {[%clk 0:18:03]} Rh8
{[%clk 0:39:52]} 28. Rg2 {[%clk 0:17:56]} Qh6 {[%clk 0:36:57]} 29. Qf6+
{[%clk 0:17:21]} Kh7 {[%clk 0:36:06]} 30. Kh1 {[%clk 0:07:01]} Qg7
{[%clk 0:32:21]} 31. Qh4+ {[%clk 0:07:14]} Qh6 {[%clk 0:32:48]} 32. Qf6
{[%clk 0:06:46]} Qg7 {[%clk 0:33:14]} 33. Qh4+ {[%clk 0:06:49]} Qh6
{[%clk 0:33:42]} 1/2-1/2

[Event "Extraliga 2018/2019"]
[Site "Praha"]
[Date "2019.01.12"]
[Round "5.7"]
[White "UNB8 Rehorek Martin  2283"]
[Black "PAR10 Jirovsky Milos GM 2444"]
[Result "0-1"]
[BlackElo "2444"]
[WhiteElo "2283"]
[LiveChessVersion "1.4.8"]

1. e4 {[%clk 1:30:57]} c5 {[%clk 1:30:47]} 2. Nf3 {[%clk 1:31:22]} Nc6
{[%clk 1:31:12]} 3. d4 {[%clk 1:31:38]} cxd4 {[%clk 1:31:37]} 4. Nxd4
{[%clk 1:32:06]} g6 {[%clk 1:31:59]} 5. c4 {[%clk 1:32:20]} Nf6 {[%clk 1:32:02]}
6. Nc3 {[%clk 1:32:19]} Nxd4 {[%clk 1:32:25]} 7. Qxd4 {[%clk 1:32:41]} d6
{[%clk 1:32:52]} 8. Bg5 {[%clk 1:25:42]} Bg7 {[%clk 1:33:13]} 9. Qd2
{[%clk 1:25:49]} O-O {[%clk 1:33:33]} 10. Bd3 {[%clk 1:21:30]} Bd7
{[%clk 1:26:34]} 11. O-O {[%clk 1:20:15]} Bc6 {[%clk 1:25:02]} 12. Rfe1
{[%clk 1:19:39]} Re8 {[%clk 1:22:04]} 13. Rac1 {[%clk 1:09:37]} Rc8
{[%clk 1:17:49]} 14. h3 {[%clk 1:08:13]} b6 {[%clk 1:09:22]} 15. Bh6
{[%clk 0:58:51]} Bxh6 {[%clk 0:59:56]} 16. Qxh6 {[%clk 0:59:05]} e5
{[%clk 1:00:21]} 17. Qd2 {[%clk 0:54:41]} Qd7 {[%clk 0:57:59]} 18. Bf1
{[%clk 0:52:08]} Red8 {[%clk 0:56:29]} 19. Kh2 {[%clk 0:47:42]} Qb7
{[%clk 0:55:23]} 20. Bd3 {[%clk 0:45:05]} Kg7 {[%clk 0:47:48]} 21. Qe2
{[%clk 0:40:14]} a5 {[%clk 0:44:21]} 22. Nd5 {[%clk 0:34:49]} Nd7
{[%clk 0:36:20]} 23. b3 {[%clk 0:33:00]} Nc5 {[%clk 0:36:12]} 24. Nc3
{[%clk 0:30:16]} Rf8 {[%clk 0:34:52]} 25. f3 {[%clk 0:24:57]} Qe7
{[%clk 0:34:22]} 26. Rcd1 {[%clk 0:24:29]} f5 {[%clk 0:32:22]} 27. Qe3
{[%clk 0:22:57]} f4 {[%clk 0:25:55]} 28. Qf2 {[%clk 0:21:50]} h5 {[%clk 0:23:54]}
29. Bc2 {[%clk 0:17:37]} g5 {[%clk 0:23:43]} 30. Nd5 {[%clk 0:16:24]} Bxd5
{[%clk 0:18:11]} 31. exd5 {[%clk 0:16:49]} Rh8 {[%clk 0:17:07]} 32. Bb1
{[%clk 0:16:36]} Rcg8 {[%clk 0:17:00]} 33. Qc2 {[%clk 0:15:55]} Rh6
{[%clk 0:16:29]} 34. Rf1 {[%clk 0:11:35]} Kh8 {[%clk 0:16:04]} 35. Rde1
{[%clk 0:11:41]} g4 {[%clk 0:12:03]} 36. fxg4 hxg4 {[%clk 0:12:30]} 37. Qf5
{[%clk 0:02:20]} Qh4 {[%clk 0:10:33]} 0-1

[Event "Extraliga 2018/2019"]
[Site "Praha"]
[Date "2019.01.12"]
[Round "5.8"]
[White "PAR12 Pulpan Jakub IM 2410"]
[Black "UNB12 Pokorny Petr  2211"]
[Result "1-0"]
[BlackElo "2211"]
[WhiteElo "2410"]
[LiveChessVersion "1.4.8"]

1. Nf3 {[%clk 1:30:29]} d5 {[%clk 1:30:34]} 2. b3 {[%clk 1:30:32]} c5
{[%clk 1:26:35]} 3. Bb2 {[%clk 1:30:29]} Nc6 {[%clk 1:26:42]} 4. e3
{[%clk 1:30:38]} Nf6 {[%clk 1:24:41]} 5. Bxf6 {[%clk 1:24:00]} gxf6
{[%clk 1:24:13]} 6. d3 {[%clk 1:22:07]} Bg4 {[%clk 1:19:26]} 7. Nbd2
{[%clk 1:20:21]} Bg7 {[%clk 1:19:15]} 8. Be2 {[%clk 1:17:53]} f5 {[%clk 1:16:57]}
9. c3 {[%clk 1:04:14]} Bxc3 10. Rc1 {[%clk 1:01:24]} Qa5 {[%clk 1:08:40]} 11. O-O
O-O {[%clk 0:58:06]} 12. h3 {[%clk 0:51:23]} Bh5 {[%clk 0:55:53]} 13. d4
{[%clk 0:38:41]} cxd4 {[%clk 0:53:24]} 14. exd4 {[%clk 0:29:47]} e6
{[%clk 0:52:50]} 15. Nb1 {[%clk 0:26:39]} Bxf3 {[%clk 0:39:59]} 16. Nxc3
{[%clk 0:23:01]} Bxe2 {[%clk 0:40:14]} 17. Nxe2 {[%clk 0:23:11]} Kh8
{[%clk 0:38:40]} 18. Qd3 {[%clk 0:18:58]} Rg8 {[%clk 0:37:51]} 19. Nf4
{[%clk 0:17:28]} Rac8 {[%clk 0:36:45]} 20. Qe3 {[%clk 0:15:06]} Qd8
{[%clk 0:34:49]} 21. b4 {[%clk 0:11:33]} a6 {[%clk 0:29:58]} 22. a4
{[%clk 0:11:49]} Qg5 {[%clk 0:30:22]} 23. b5 {[%clk 0:10:12]} axb5
{[%clk 0:30:47]} 24. axb5 {[%clk 0:10:35]} Ne7 {[%clk 0:31:12]} 25. Rxc8
{[%clk 0:08:38]} Rxc8 {[%clk 0:31:06]} 26. Rc1 {[%clk 0:05:58]} h6
{[%clk 0:23:35]} 27. Rxc8+ {[%clk 0:03:55]} Nxc8 {[%clk 0:24:01]} 28. Qe5+
{[%clk 0:04:20]} Kh7 {[%clk 0:24:17]} 29. Qc7 {[%clk 0:04:29]} Ne7
{[%clk 0:23:01]} 30. g3 {[%clk 0:04:23]} b6 {[%clk 0:22:49]} 31. Qxb6
{[%clk 0:03:06]} Ng6 {[%clk 0:23:12]} 32. Qc7 {[%clk 0:01:41]} Nxf4
{[%clk 0:23:04]} 33. Qxf4 {[%clk 0:01:39]} Qd8 {[%clk 0:21:41]} 34. Qc1
{[%clk 0:01:29]} Qa5 {[%clk 0:20:25]} 35. Qb1 {[%clk 0:01:26]} Qb6
{[%clk 0:20:49]} 36. Qb4 {[%clk 0:01:11]} Kg7 {[%clk 0:20:51]} 37. Kg2
{[%clk 0:01:18]} Kf6 {[%clk 0:19:04]} 38. Kf3 {[%clk 0:00:40]} e5
{[%clk 0:17:54]} 39. dxe5+ {[%clk 0:00:49]} Kxe5 {[%clk 0:18:08]} 40. Qf4+
{[%clk 0:01:07]} Ke6 {[%clk 0:18:22]} 41. Qxh6+ {[%clk 0:01:32]} f6
{[%clk 0:18:43]} 42. Qe3+ {[%clk 0:01:58]} 1-0